FAO/WHO guide for application of risk analysis principles and procedures during food safety emergencies. (Record no. 11581)

000 -LEADER
fixed length control field 00704cam a22002057a 4500
020 ## - INTERNATIONAL STANDARD BOOK NUMBER
ISBN 9789251069882
020 ## - INTERNATIONAL STANDARD BOOK NUMBER
ISBN 9251069883
040 ## - CATALOGING SOURCE
Transcribing agency CUV
082 ## - DEWEY DECIMAL CLASSIFICATION NUMBER
Classification number 363 FOO 2011 A015 Or.
245 00 - TITLE STATEMENT
Title FAO/WHO guide for application of risk analysis principles and procedures during food safety emergencies.
260 ## - PUBLICATION, DISTRIBUTION, ETC. (IMPRINT)
Place of publication Rome :
Name of publisher Food and Agriculture Organization of the United Nations and World Health Organization,
Year of publication 2011.
300 ## - PHYSICAL DESCRIPTION
Number of Pages 52 p. :
Other physical details ill. ;
Dimensions 25 cm.
650 #0 - SUBJECT ADDED ENTRY--TOPICAL TERM
Topical Term Food supply.
650 #0 - SUBJECT ADDED ENTRY--TOPICAL TERM
Topical Term Food security.
650 #0 - SUBJECT ADDED ENTRY--TOPICAL TERM
Topical Term Food
650 #0 - SUBJECT ADDED ENTRY--TOPICAL TERM
Topical Term Emergency food supply.
710 2# - ADDED ENTRY--CORPORATE NAME
Corporate name or jurisdiction name as entry element Food and Agriculture Organization of the United Nations.
710 2# - ADDED ENTRY--CORPORATE NAME
Corporate name or jurisdiction name as entry element World Health Organization.
942 ## - ADDED ENTRY ELEMENTS (KOHA)
Koha item type សៀវភៅភាសាអង់គ្លេស
952 ## - LOCATION AND ITEM INFORMATION (KOHA)
Withdrawn status [LOCAL, KOHA] 0
Holdings
Permanent Location Date acquired Koha item type Lost status Shelving location Barcode Current Location Full call number
Library Block A2017-08-03សៀវភៅភាសាអង់គ្លេស A015RUA059374Library Block A363 FOO 2011 A015 Or.
មជ្ឈមណ្ឌលឯការនៃសាកលវិទ្យាល័យភូមិន្ទកសិកម្មចំការដូង

Powered by Koha